000 00535ntaaa2200205 4500
003 01
005 20251027202954.0
008 0714s1973 ag 01
020 _a0943448131
040 _aAR-BaBN
_bspa
_cAR-BaBN
_eaacr
_dRIC
082 _a980.0000 Ag91
100 _aAguilar, Luis E
_925217
245 _aLatin America 1984
250 _a1 ed.
260 _aWashington :
_bStryker-Post Publications,
_c1984
300 _av, 137 p ;
_cmapas, fts. : 28 cm
500 _aBibliografía p.137
650 _aAmerica Latina
942 _cBK
999 _c25103
_d25103